000 00680cam a22001815a 4500
001 L149677
008 100407e20100212xxk f 000 0 eng d
035 _a(Sirsi) u149677
041 0 _aeng
110 1 _aExperian Business Strategies
_94789
245 0 4 _aThe tracker
_bone step at a time
260 _c2010
490 _aBuilding
_v275 (8620, 10) 12 March 2010, 54-55(2)
520 _aReport on construction activity in January 2010 including the state of play; leading activity indicator; labour costs and regional perspective. Taken from Experian Business Strategies' forecasts and service.
590 _aKA
690 _aBUILT ENVIRONMENT-CONSTRUCTION MARKET
942 _n0
999 _c82249
_d82249